[Event "EICC 2021"]
[Site "Reykjavik"]
[Date "2021.09.04"]
[Round "10.17"]
[White "Basso, Pier Luigi"]
[Black "Bluebaum, Matthias"]
[Result "0-1"]
[WhiteElo "2541"]
[BlackElo "2674"]
[Annotator "TA"]
[PlyCount "118"]
[EventDate "2021.08.26"]
[EventType "swiss"]
[EventCountry "ISL"]
[Tiebreak "Cut1 Buchholz"]
[SourceTitle "playchess.com"]
[Source "ChessBase"]
[SourceQuality "1"]

{[%evp 13,118,18,20,-6,-9,-25,-22,-30,-27,-22,-35,-25,-22,-36,-30,-34,-35,-46,
-37,-32,-30,-16,-21,-22,-14,-29,-24,-24,-9,-66,-50,-50,-55,-43,-29,-45,-25,-16,
-22,-19,-19,-13,-12,-16,-11,-13,-31,-56,-52,-43,-36,-37,-24,-61,-69,-97,-94,
-174,-174,-174,-162,-156,-140,-253,-259,-259,-258,-256,-249,-223,-246,-247,
-252,-624,-93,-91,0,-624,-625,-243,-550,-226,-267,-243,-366,-664,-738,-584,
-664,-711,-584,-584,-584,-376,-584,-82,-8,-29964,-29965,-29965,-29965,-29983,
-29984,-29984,-29985,-29985,-29986]} 1. d4 Nf6 2. c4 e6 3. Nc3 d5 4. cxd5 exd5
5. Bg5 Be7 6. e3 O-O 7. Bd3 Re8 8. Bxf6 {D35: Queen's Gambit Declined:
Exchange Variation.} (8. Nge2 {seems wilder.} h6 9. Bh4 c6 10. O-O b6 11. f3)
8... Bxf6 9. Qh5 (9. Nf3 {is more complex.} c6 10. O-O g6 11. b4 Be6 12. Na4)
9... g6 10. Qxd5 {The position is equal.} Bxd4 $1 11. Qxd8 Bxc3+ 12. bxc3 Rxd8
13. O-O-O Be6 14. Nf3 {[#]} Nd7 $146 ({Predecessor:} 14... Nc6 15. Kb2 Bg4 16.
Be4 Bxf3 17. Bxf3 Ne5 18. Be2 Kf8 19. Kc2 Ke7 20. Rd4 f5 {1-0 (66) Zajogin,A 
(2395)-Mueller,M (2284) Germany 2007}) 15. Kb2 Nb6 16. Nd4 Bg4 17. f3 Bd7 18.
Nb3 a6 19. Rd2 Bb5 20. Rhd1 Rd6 (20... Rd5 {with more complications.} 21. e4
Rh5 22. h3 Kg7 23. Rc1 Bc4) 21. Bxb5 (21. Kc2 $11) 21... Rxd2+ $15 22. Rxd2 {
aiming for Be2.} axb5 $11 {[%mdl 4096] Endgame KRN-KRN} 23. Rd3 f5 24. Nd2 Na4+
25. Kb1 c5 26. Kc2 $1 Nb6 27. Kb2 c4 28. Rd6 Na4+ 29. Kc2 Nc5 30. Rd5 b6 ({
Don't go for} 30... Rxa2+ $2 31. Kb1 $18) 31. Kb1 Kf7 32. e4 Ke6 33. f4 Ra3 $1
{[%cal Ra3c3]} 34. Kb2 Ra5 35. Kb1 (35. Rd4 $17) 35... Nd3 $1 $19 (35... Nxe4
36. Re5+ Kd7 37. Nxe4 $11) 36. g3 Ra3 ({Much less strong is} 36... fxe4 37. Rd4
$17) 37. Rxb5 Rxc3 {[%csl Gd3][%cal Rc3c1]} 38. Rxb6+ (38. Ka1 $17) 38... Kd7
$1 {[%csl Gd3][%cal Rc3c1]} 39. Ka1 Rc2 40. Nxc4 {Black must now prevent Rd6+.}
Rxc4 41. exf5 gxf5 {KRN-KR} 42. a3 Rc1+ $1 43. Rb1 $2 (43. Ka2) 43... Rc7 $2 (
43... Rxb1+ $19 {has better winning chances.} 44. Kxb1 Nf2) 44. Rb6 $17 Rc1+ $2
{[%mdl 8192]} (44... h5 $17 45. Rf6 Rc5) 45. Rb1 $19 Rxb1+ 46. Kxb1 {KN-KP} Ne1
47. Kc1 Nf3 48. h3 Nh2 $1 49. Kd1 $2 (49. Kc2 Nf1 50. g4) 49... Nf1 50. g4 fxg4
51. hxg4 {KN-K3P} Ne3+ {[%mdl 64] Double Attack} 52. Ke2 Nxg4 {KN-KPP} 53. Kf3
{[#]} Nh6 54. Ke4 Nf7 (54... Ke6 $17 {And now ...Nf5 would win.} 55. a4 Nf5)
55. a4 $2 {[%mdl 8192] White does not recover from this.} (55. f5 $11) 55...
Nd6+ {Black mates.} 56. Ke5 {[#]} h5 $1 57. a5 h4 ({And not} 57... Nc4+ 58. Kf5
$11) 58. a6 h3 59. a7 Nc4+ {Weighted Error Value: White=0.37/Black=0.21} 0-1

[Event "EICC 2021"]
[Site "Reykjavik"]
[Date "2021.09.04"]
[Round "10.18"]
[White "Van Foreest, Lucas"]
[Black "Lupulescu, Constantin"]
[Result "0-1"]
[WhiteElo "2544"]
[BlackElo "2659"]
[Annotator "TA"]
[PlyCount "94"]
[EventDate "2021.08.26"]
[EventType "swiss"]
[EventCountry "ISL"]
[Tiebreak "Cut1 Buchholz"]
[SourceTitle "playchess.com"]
[Source "ChessBase"]
[SourceQuality "1"]

{[%evp 11,94,24,52,34,36,48,36,41,52,33,36,29,31,20,42,49,41,25,35,33,46,41,72,
54,56,66,45,58,44,0,0,-39,0,-66,-67,-91,-98,-170,-158,-529,-303,-331,-144,-155,
-73,-61,-59,-62,-64,-72,-88,-72,-86,-194,-159,-353,-277,-249,-282,-272,-262,
-363,-339,-398,-402,-400,-383,-372,0,-118,0,-381,-367,-434,-418,-818,-824,-766,
-744,-800,-763,-788,-734,-762,-730]} 1. e4 c5 2. Nf3 d6 3. d4 cxd4 4. Nxd4 Nf6
5. Nc3 Nc6 6. Bg5 Bd7 7. Nxc6 {B60: Sicilian: Richter-Rauzer: Unusual Black
6th moves and 6...Bd7 without 7 Qd2.} Bxc6 8. Bxf6 gxf6 9. Bb5 {[#] White is
slightly better.} h5 $146 ({Predecessor:} 9... Bxb5 10. Nxb5 Qb6 11. Qd3 a6 12.
Nc3 e6 13. O-O Be7 14. Kh1 Rc8 15. Rab1 h5 {1-0 (61) Giri,A (2764)-Chernobay,A
(2490) Chess.com INT 2020}) 10. h4 e6 11. O-O Be7 12. Qe2 a6 13. Bxc6+ bxc6 14.
g3 Qa5 15. Qf3 Rb8 16. b3 Rg8 17. Nd1 Qe5 18. Ne3 $1 d5 19. exd5 cxd5 20. Rfd1
Bc5 21. Nf1 Kf8 22. c3 ({Better is} 22. Rac1 $11) 22... f5 $15 23. Re1 Qf6 24.
Qxh5 (24. c4 $17) 24... f4 $19 {aiming for ...fxg3.} ({Worse is} 24... Qxc3 25.
Rac1 $11) 25. g4 (25. Qf3 $17 {is a better chance.}) 25... Rh8 26. Qg5 Qxg5 (
26... Qxc3 $19 {is more deadly.} 27. Qxf4 Rb4) 27. hxg5 $17 f3 $40 {[%mdl 128]
Black attacks with force.} (27... Kg7 $142 {...Rh3 is the strong threat.} 28.
Nd2 Rh3) 28. Rad1 Rh4 29. Nh2 {[#]} Bxf2+ $1 {[%mdl 64] Deflection} 30. Kxf2
Rxh2+ 31. Kxf3 Rxa2 $15 {[%mdl 4096] Endgame KRR-KRR} 32. b4 (32. g6 $17) 32...
Kg7 $19 33. Kg3 $2 (33. Ra1 $17 Rxa1 34. Rxa1) 33... Rc8 34. Rd3 Rc2 35. Ree3
Kg6 36. Rf3 Kxg5 37. Rde3 Rc4 38. Re5+ Kg6 39. Ree3 Kg5 $2 (39... Rc1 $19 40.
Kh3 Rh1+ 41. Kg2 Rh4) 40. Re5+ $1 $17 {[#]} Kg6 $2 {[%mdl 8192]} (40... Kh6 $1
$17 41. Rxf7 R4xc3+ 42. Rf3 Rxf3+ 43. Kxf3 Rc6 44. Rh5+ Kg7) 41. Ree3 $19 Rc1
42. Kh4 Rh1+ 43. Rh3 (43. Kg3 $142) 43... Rxh3+ {Black is clearly winning.} 44.
Kxh3 Kg5 45. Rf3 f6 46. Re3 e5 47. Rd3 d4 {Weighted Error Value: White=0.46/
Black=0.42} 0-1

[Event "EICC 2021"]
[Site "Reykjavik"]
[Date "2021.09.04"]
[Round "10.19"]
[White "Donchenko, Alexander"]
[Black "Petrov, Martin"]
[Result "1-0"]
[WhiteElo "2657"]
[BlackElo "2521"]
[Annotator "TA"]
[PlyCount "99"]
[EventDate "2021.08.26"]
[EventType "swiss"]
[EventCountry "ISL"]
[Tiebreak "Cut1 Buchholz"]
[SourceTitle "playchess.com"]
[Source "ChessBase"]
[SourceQuality "1"]

{[%evp 16,99,30,12,37,0,6,8,16,0,0,-12,-10,-16,-8,-50,-12,-25,0,-1,0,0,0,-11,
10,10,10,10,17,2,4,0,0,0,83,78,79,79,82,82,71,75,140,137,159,180,182,176,199,
204,237,244,249,241,235,0,239,0,185,185,185,185,214,210,1627,1403,873,461,1593,
1213,29958,29959,29963,29955,29967,29968,29965,29964,29965,29966,29965,29966,
29978,29979,29979,29978]} 1. d4 Nf6 2. c4 e6 3. Nc3 Bb4 4. Nf3 b6 5. e3 Bb7 6.
Bd3 O-O 7. O-O Bxc3 8. bxc3 Ne4 9. Nd2 f5 {E43: Nimzo-Indian: Rubinstein: 4...
b6.} 10. f3 Nxd2 ({But not} 10... Nxc3 $2 11. Qb3 $18) 11. Bxd2 c5 {The
position is equal.} 12. e4 {[#]} fxe4 $146 ({Predecessor:} 12... Nc6 13. exf5
exf5 14. dxc5 bxc5 15. Qb1 Qb6 16. Bxf5 Qxb1 17. Raxb1 Rxf5 18. Rxb7 d6 {
1/2-1/2 (62) Muzychuk,M (2444)-Stefanova,A (2555) Rijeka 2010}) 13. fxe4 {
Strongly threatening Qh5.} Rxf1+ 14. Qxf1 Nc6 15. Qf4 e5 16. Qg3 cxd4 17. cxd4
Nxd4 18. Qxe5 Ne6 19. Be3 Qe7 20. c5 bxc5 21. Bc4 Kh8 22. Rb1 Bc6 23. Rb8+ Rxb8
24. Qxb8+ {[%mdl 64] Double Attack} Qd8 (24... Nd8 $11 {keeps the balance.})
25. Qxd8+ $16 ({Of course not} 25. Qxa7 Bxe4 26. Bxe6 dxe6 $15) 25... Nxd8 26.
Bxc5 {[%mdl 4096] Endgame KBB-KBN} a5 27. Bb6 Nb7 28. e5 a4 ({Better is} 28...
d6) 29. Kf2 g6 {[#]} 30. g3 $1 Kg7 31. Ke3 Kf8 32. Kf4 h6 33. a3 Ke7 34. Bd3
Kf7 35. Bc4+ Ke7 36. Bd3 Kf7 $1 37. Ke3 g5 38. Kd4 Ke7 {[#]} 39. Bc7 $1 Nd8 $2
(39... Bf3 40. Bc2 Bc6) 40. Bxd8+ $18 Kxd8 {KB-KB} 41. Kc5 Ke7 (41... Kc7 $142
42. Be2 Be4) 42. Bb5 Bxb5 43. Kxb5 {White mates.} Ke6 44. Kxa4 Kxe5 {K3P-K3P}
45. Kb4 h5 46. a4 Kd6 47. Kb5 Kc7 48. Kc5 h4 49. g4 h3 50. Kd5 {Weighted Error
Value: White=0.17/Black=0.27} 1-0

[Event "EICC 2021"]
[Site "Reykjavik"]
[Date "2021.09.04"]
[Round "10.20"]
[White "Plat, Vojtech"]
[Black "Saric, Ivan"]
[Result "1/2-1/2"]
[WhiteElo "2531"]
[BlackElo "2653"]
[Annotator "TA"]
[PlyCount "145"]
[EventDate "2021.08.26"]
[EventType "swiss"]
[EventCountry "ISL"]
[Tiebreak "Cut1 Buchholz"]
[SourceTitle "playchess.com"]
[Source "ChessBase"]
[SourceQuality "1"]

{[%evp 16,145,0,0,6,0,0,0,0,0,4,7,0,10,6,6,4,4,0,5,6,5,7,0,6,0,0,0,0,-9,-9,-5,
-3,-7,0,0,0,0,0,-2,-2,-2,-4,-5,-6,-5,-3,-13,-10,-10,-11,-12,-4,-10,-6,-3,0,-4,
0,-6,0,0,0,-4,-4,-4,0,-12,0,-4,0,-4,-4,-4,-4,-8,-8,-10,-10,-10,-10,-10,-10,-10,
-10,-10,0,0,0,0,0,0,0,0,0,0,0,0,0,0,0,0,0,0,0,-8,-8,-8,-8,-12,-12,-12,0,0,0,0,
0,0,0,0,0,0,0,0,0,0,0,0,0,0,0,0]} 1. d4 Nf6 2. Nf3 d5 3. e3 c5 4. c4 cxd4 5.
exd4 g6 6. Nc3 Bg7 7. Bg5 Ne4 {7...0-0 might become the main line.} 8. cxd5
Nxg5 9. Nxg5 {The position is equal.} O-O {B14: Caro-Kann: Panov-Botvinnik
Attack with 5...e6 and 5...g6.} 10. Nf3 e6 {[#]} 11. Bc4 $146 ({Predecessor:} 
11. dxe6 Bxe6 12. Be2 Nc6 13. O-O Nxd4 14. Nxd4 Bxd4 15. Rc1 a6 16. Bf3 Rb8 17.
Qa4 {1/2-1/2 (30) Dobrev,N (2235)-Ivanov,I (1923) Albena 2011}) 11... exd5 12.
Bxd5 Re8+ 13. Ne5 $1 Bxe5 14. dxe5 Rxe5+ 15. Be4 Qb6 16. O-O Be6 17. Na4 Qc7
18. Qf3 Nc6 19. Bxc6 Rh5 {[%csl Gh5][%cal Rc7h2] [#]} 20. Qg3 Qxc6 21. Nc3 h6 {
...Rg5 is the strong threat.} 22. Qe3 Qc5 23. Qxc5 Rxc5 24. Rfd1 Rac8 25. Rd4
Kg7 26. f3 a5 27. a3 b5 28. Re1 Rb8 29. Kf2 b4 30. axb4 Rxb4 31. Rd2 a4 32. Re4
Rxe4 33. Nxe4 $11 {[%mdl 4096] Endgame KRB-KRN} Rc1 34. Ng3 (34. Ke3 {seems
wilder.} f5 35. Ng3 g5 36. f4 Kf6 37. Ne2) 34... Bb3 (34... Rc4 {looks sharper.
} 35. Ne2 Rb4 36. Ke3 Kf6 37. Nd4 g5) 35. Ne2 Rh1 36. h3 Rb1 37. Nc3 Ra1 38.
Rd4 Kf6 39. f4 h5 40. Kg3 Ke6 41. Kf2 Kf6 42. Kg3 Ke7 43. Kh4 Rg1 44. Kg3 h4+
45. Kf2 Ra1 46. Re4+ Kd6 47. f5 g5 48. f6 Rc1 {[#] Hoping for ...a3!} 49. Nxa4
Rc2+ 50. Kg1 Be6 51. Nc3 Rxb2 52. Re1 Bf5 (52... g4 {keeps more tension.} 53.
Ne4+ Ke5 54. hxg4 Rb4 55. Nc5+ Kxf6 56. g5+ Kf5) 53. Ne4+ Bxe4 54. Rxe4 {KR-KR}
Rc2 (54... Kd5 {feels hotter.} 55. Re7 Kd6 56. Rxf7 Ke6 57. Rf8 Ra2) 55. Re7
Rc7 56. Re4 Rc1+ 57. Kf2 Rc5 58. Kf3 Re5 {Strongly threatening ...Rxe4.} (58...
Kd5 $5 {[%cal Rc5c3]} 59. Re7 Rc4 $11) 59. Ra4 Ke6 60. g3 hxg3 61. Kxg3 Re3+
62. Kg2 Kf5 63. h4 g4 64. Ra5+ Kf4 65. Ra4+ Kf5 66. Ra5+ Re5 (66... Kxf6 {
with more complications.} 67. Rg5 g3 68. Ra5 Rb3 69. Rg5 Rb8) 67. Rxe5+ Kxe5 {
KPP-KPP} 68. Kg3 Kf5 69. h5 Kg5 70. h6 $1 {[%cal Rh6h7]} Kxh6 71. Kxg4 Kg6 72.
Kg3 Kxf6 {( -> ...Ke5)} (72... Kg5 $5) 73. Kf4 {A rather calm draw.  Weighted
Error Value: White=0.02/Black=0.02} 1/2-1/2

[Event "EICC 2021"]
[Site "Reykjavik"]
[Date "2021.09.04"]
[Round "10.21"]
[White "Martirosyan, Haik M."]
[Black "Blohberger, Felix"]
[Result "1-0"]
[WhiteElo "2632"]
[BlackElo "2502"]
[Annotator "TA"]
[PlyCount "69"]
[EventDate "2021.08.26"]
[EventType "swiss"]
[EventCountry "ISL"]
[Tiebreak "Cut1 Buchholz"]
[SourceTitle "playchess.com"]
[Source "ChessBase"]
[SourceQuality "1"]

{[%evp 9,69,18,50,40,45,38,32,39,47,41,57,46,41,28,38,39,52,34,36,34,38,35,43,
22,52,40,49,46,40,53,41,31,74,68,67,71,221,233,224,217,405,410,404,393,400,391,
386,380,577,571,637,637,623,618,621,613,608,597,663,643,631,635]} 1. d4 Nf6 2.
c4 e6 3. Nf3 d5 4. Nc3 dxc4 5. e4 b5 6. e5 {D24: Queen's Gambit Accepted: 3
Nf3 Nf6 4 Nc3.} Nd5 7. Nxb5 Nb6 8. Be2 {White is slightly better.} Nc6 {
8...Nc6 is better than 8...Be7.} 9. O-O Be7 10. Nc3 O-O 11. Qd2 $5 {[%mdl 4] A
promising side line.} Bb7 12. Rd1 Nb4 13. Qf4 f5 14. Qg3 Kh8 {[#]} 15. Rb1 $146
({Predecessor:} 15. a3 N4d5 16. h4 Rb8 17. Bg5 h6 18. Bxe7 Nxe7 19. Rac1 Bd5
20. Rd2 Qd7 21. Nxd5 exd5 {1/2-1/2 (31) Vazquez Igarza,R (2573)-Ponomariov,R 
(2681) Batumi 2018}) 15... Qd7 16. h4 Rad8 17. Ng5 Nd3 {[#] White must now
prevent ...f4.} 18. Bxd3 cxd3 19. Rxd3 c5 20. Rd1 {Threatens to win with dxc5.}
Qc6 21. Ne2 Nd5 22. dxc5 f4 {A mistake that costs the game.} (22... Bxc5 $16
23. Nf4 Nxf4 24. Bxf4 (24. Nf7+ Kg8 $11) 24... Rd5) 23. Bxf4 $18 ({Much less
strong is} 23. Nxf4 $6 Nxf4 24. Bxf4 h6 $16) 23... Bxc5 24. Rdc1 Qb6 $2 {[#]} (
24... Bc8 25. b4 Qb5) 25. Rxc5 $1 {[%mdl 64] Deflection, Decoy} Qxc5 26. Nxe6 {
[%csl Ge6][%cal Rg3g7][%mdl 64] Double Attack, Discovered Attack} Qe7 27. Nxd8
({Resist} 27. Nxf8 Qxf8 28. Bd2 Nb4 $18) 27... Qxd8 28. e6 Ne7 (28... Qf6 $142
29. Be5 Qg6) 29. Bg5 {White is clearly winning.} Be4 30. Rc1 h6 31. Bxe7 Qxe7
32. Rc7 Qf6 33. Nc3 Bg6 34. e7 Re8 35. Rxa7 {Weighted Error Value: White=0.03/
Black=0.30} 1-0

[Event "EICC 2021"]
[Site "Reykjavik"]
[Date "2021.09.04"]
[Round "10.22"]
[White "Steingrimsson, Hedinn"]
[Black "Banusz, Tamas"]
[Result "1-0"]
[WhiteElo "2519"]
[BlackElo "2631"]
[Annotator "TA RC"]
[PlyCount "153"]
[EventDate "2021.08.26"]
[EventType "swiss"]
[EventCountry "ISL"]
[Tiebreak "Cut1 Buchholz"]
[SourceTitle "playchess.com"]
[Source "ChessBase"]
[SourceQuality "1"]

{[%evp 17,153,31,21,27,32,22,29,14,28,0,0,0,0,0,0,0,0,0,6,15,29,30,25,24,15,23,
45,38,48,22,43,47,41,43,46,50,55,47,74,52,30,0,70,30,55,34,40,0,50,48,34,0,0,0,
43,0,72,0,0,0,58,58,58,74,113,112,107,111,154,154,154,154,154,148,154,152,154,
154,154,154,154,131,143,130,131,131,147,147,168,159,182,147,147,120,120,70,70,
66,66,66,75,66,66,67,77,74,74,73,235,235,289,270,289,289,289,133,143,83,124,59,
282,282,384,384,427,424,372,251,297,77,558,551,536,500,546,506,467,453]} 1. d4
Nf6 2. c4 e6 3. Nc3 Bb4 4. Qc2 c5 5. dxc5 O-O 6. a3 Bxc5 7. Nf3 b6 8. Bf4 Bb7
9. Rd1 Nc6 10. b4 {E39: Nimzo-Indian: Classical: 4...c5 5 dxc5 0-0.} Be7 11. e4
Nh5 12. Bc1 {White has an edge.} Qc7 13. Nb5 Qb8 14. Rxd7 Nf6 15. Rd1 a5 16.
bxa5 Rxa5 17. Bd3 {[#]} Ng4 $146 ({Predecessor:} 17... Bc5 18. Bb2 Ng4 19. O-O
f5 20. Qc3 Rf6 21. Bc2 e5 22. Rd2 Nd4 23. Nfxd4 exd4 {1/2-1/2 (40) Krush,I 
(2458)-Adams,M (2699) Edmonton 2009}) 18. Bb2 Nge5 19. Nxe5 Nxe5 20. O-O Rc8 {
Strongly threatening ...Rxb5!} 21. Qb3 Ng4 {[%csl Gg4][%cal Rb8h2]} 22. g3 Ne5
23. f3 Nxd3 24. Rxd3 Bc6 25. Rfd1 Bf8 26. Kg2 Qa8 27. R1d2 h5 28. Nd6 Rb8 29.
Nb5 Rc8 $1 30. Kh3 Ra4 31. Nc3 (31. Nd6 $5 {[%cal Rd6c8]} Rb8 32. Kg2 $16)
31... Ra6 32. Nb5 Ra4 $1 33. Nd6 Rb8 34. Kh4 Be7+ 35. Kh3 Bf8 36. Nb5 Rc8 $1
37. Kh4 (37. Bc3 $16) 37... Bxe4 38. fxe4 {Rd4 is the strong threat.} Qxe4+ ({
Black should try} 38... g5+ $1 $11 39. Kh3 g4+ 40. Kg2 (40. Kh4 Be7+ 41. Kxh5
Qxe4 $19) 40... Qxe4+ {[%mdl 64] Double Attack} 41. Kf2 Qf5+ 42. Ke1 Qe4+ 43.
Kf2 (43. Re2 $2 Qh1+ 44. Kf2 Raxc4 $19) 43... Qf5+ 44. Kg2 Qe4+ {[%mdl 64]
Double Attack} 45. Kf2) 39. Kh3 $14 g5 $1 {[%cal Rg5g4]} 40. Rd7 $1 (40. Qxa4 {
gets mated.} g4+ 41. Kh4 Be7+ 42. Bf6 Bxf6+ 43. Kxh5 Qg6#) 40... Raxc4 {
Threatens to win with ...Rc2.} 41. Nd6 $1 {[%cal Rd6e4]} Bxd6 42. R7xd6 Rc2 43.
Qb5 Qg4+ 44. Kg2 {And now Kg1 would win.} Qe4+ 45. Kf2 $1 R2c5 46. Qe2 {
Rd8+ would kill now.} Rf5+ 47. Kg1 {White wants to mate with Rd8+.} Qxe2 48.
Rxe2 b5 49. Rd4 Kh7 50. Kg2 Kg6 51. h4 g4 52. Rd3 Rfc5 53. Rf2 Rc2 {White must
now prevent ...Rxf2+.} 54. Bd4 f6 55. Rb3 e5 56. Bb6 R8c3 {aiming for ...Rxf2+.
} 57. Rxc2 Rxb3 {[%mdl 4096] Endgame KRB-KR} 58. Bc5 Kf5 59. Rf2+ Ke6 60. Rd2
Kf5 61. Be7 Ke6 62. Bf8 Kf5 $2 (62... Kf7 $16 63. Bc5 Kg6) 63. Rf2+ $1 $18 Ke6
{[#]} 64. Bg7 $1 f5 65. Re2 e4 66. Bf8 (66. Rb2 $18 {is the precise move to
win.} Rxb2+ 67. Bxb2) 66... Kd5 {[#]} 67. Rf2 (67. Rd2+ $142 $1 Ke6 68. Bc5)
67... Ke6 68. Rc2 (68. Ra2 $16) 68... Kd5 $2 (68... e3 $1 $14) 69. Rc5+ Kd4 70.
Rxf5 e3 71. Bb4 Rb2+ 72. Kg1 Kd3 73. Rf1 $2 ({Don't play} 73. Rxh5 Rb1+ 74. Kg2
Rb2+ 75. Kf1 Rf2+ 76. Ke1 Re2+ 77. Kd1 Rg2 $18) (73. Kf1 $18 {is more deadly.})
73... e2 $2 {[%mdl 8192]} (73... Ke2 $16 {is more resistant.}) 74. Re1 {
White is clearly winning.} Ke3 75. Kg2 Rb3 76. Ra1 Rd3 {intending ...Rd1.} 77.
Rb1 {Weighted Error Value: White=0.11/Black=0.07} 1-0

[Event "EICC 2021"]
[Site "Reykjavik"]
[Date "2021.09.04"]
[Round "10.23"]
[White "Grigorian, Spartak"]
[Black "Paravyan, David"]
[Result "1/2-1/2"]
[WhiteElo "2448"]
[BlackElo "2631"]
[Annotator "TA"]
[PlyCount "139"]
[EventDate "2021.08.26"]
[EventType "swiss"]
[EventCountry "ISL"]
[Tiebreak "Cut1 Buchholz"]
[SourceTitle "playchess.com"]
[Source "ChessBase"]
[SourceQuality "1"]

{[%evp 9,139,30,37,0,0,0,0,0,2,0,-4,-22,-15,-21,-18,-24,-16,-50,-35,-52,-47,
-47,-47,-58,-16,-36,0,0,0,0,0,2,26,20,30,18,42,21,29,0,0,0,0,0,0,0,29,3,21,18,
69,64,47,15,8,6,71,71,71,68,61,65,65,62,62,62,75,23,24,0,0,0,0,0,0,0,0,0,0,0,0,
0,0,0,0,0,0,0,0,0,0,0,0,0,0,0,0,0,0,0,0,0,0,0,0,0,0,-6,0,-2,0,0,0,0,0,0,0,0,0,
0,0,0,0,0,0,0,0,0,-28000,-28000,-28000,-28000]} 1. d4 d5 2. c4 e6 3. Nc3 Nf6 4.
Bg5 dxc4 5. e3 a6 6. Qf3 {[#] D50: Queen's Gambit Declined: Dutch-Peruvian
Gambit.} h6 $146 ({Predecessor:} 6... Nbd7 7. Bxc4 Rb8 8. Rd1 b5 9. Bb3 Bb7 10.
Qh3 Be7 11. Nf3 Ne4 12. Nxe4 Bxe4 13. Bf4 Nf6 {1-0 (44) Vazquez Igarza,R (2558)
-Ashiku,F (2380) Gallipoli 2018}) 7. Bxf6 Qxf6 8. Bxc4 {The position is equal.}
Nd7 9. Rc1 c5 10. Ne4 Qxf3 11. Nxf3 b5 12. Be2 {[%cal Rd4c5]} c4 13. b3 Bb4+
14. Ned2 cxb3 15. axb3 Bb7 16. Bd3 g5 (16... Bxf3 $5 17. gxf3 e5 $17) 17. Ke2
g4 18. Ne1 Nf6 19. h3 gxh3 20. Rxh3 Bd5 21. Nef3 Rd8 22. Rh4 Ke7 23. e4 Bb7 24.
Ne5 Rc8 ({Don't go for} 24... Rxd4 $2 25. Rc7+ (25. Ndf3 Rd7 $16) 25... Kd6 26.
Rxb7 $18) 25. Rxc8 Rxc8 26. Rxh6 Rg8 27. g3 Bc3 28. Ke3 Bb2 29. Rh4 Rc8 (29...
Bc1 $11) 30. g4 $14 Rd8 31. Ndf3 Bc1+ 32. Ke2 {Threatens to win with g5.} Nxe4
{[#]} (32... Rg8 $1 $11) 33. Rh7 $1 $16 {[%cal Rh7f7]} Nd6 34. g5 {Nh4 is the
strong threat.} Bxf3+ 35. Kxf3 {And now g6 would win.} Bxg5 36. Nc6+ {[%mdl 64]
Double Attack} Kd7 37. Nxd8 Bxd8 $14 {[%mdl 4096] Endgame KRB-KBN} 38. Be4 ({
White should try} 38. Rh5 $16) 38... Bb6 $11 39. Rh8 Bxd4 40. Ra8 Bxf2 41. Bd3
Bd4 42. b4 Kc6 (42... f5 {looks sharper.} 43. Rxa6 Kc7 44. Bb1 Bc3 45. Bd3 e5)
43. Rxa6+ Bb6 (43... Kd7 {with more complications.} 44. Be4 f5 45. Bc6+ Kc7 46.
Ba8 e5) 44. Be4+ Kc7 45. Ra1 Bd4 46. Rc1+ Kd7 47. Rd1 Bb2 48. Bd3 Kc6 49. Rd2
Bg7 50. Rc2+ Kb6 51. Be4 {Strongly threatening Rc6+.} Nc4 52. Bd3 Ne5+ 53. Ke2
Bf8 54. Rc8 {Black must now prevent Rb8+.} Bd6 55. Rh8 Nc6 56. Rh7 f6 57. Rh6
Be7 58. Rh5 f5 59. Rh6 $1 Nd4+ 60. Ke3 $1 {[%cal Re3d4]} Bg5+ {[%mdl 64] [#]
Double Attack} 61. Kxd4 Bxh6 {KB-KB} 62. Ke5 f4 63. Kxe6 f3 64. Kf5 f2 {
aiming for ...Bd2.} 65. Kg4 Bd2 66. Kf3 Be1 67. Kg2 Kc6 68. Kf1 Bxb4 $2 {
[%mdl 8192]} (68... Kb6 $11) 69. Bxb5+ Kxb5 70. Kxf2 {[%mdl 32768] Weighted
Error Value: White=0.07/Black=0.07. An unexpected result.} 1/2-1/2